| 000 | 00966nam a22003495a 4500 | ||
|---|---|---|---|
| 001 | 002781 | ||
| 003 | armpunfd | ||
| 005 | 20150625190101.0 | ||
| 008 | 140623s2008####ag############000#0#und#d | ||
| 020 | _a9789501245462 | ||
| 080 | _a364 M 588 | ||
| 245 | 1 | 0 |
_aViolencias y Conflictos en las Escuelas : _bAproximaciones a una Problemática Actual / |
| 260 |
_aBuenos Aires: _bPaidòs, _c2008. |
||
| 300 |
_a272 P ; _c21 X 13 Cm. |
||
| 490 |
_a(Tramas Sociales) _v46 |
||
| 650 | 7 |
_aViolencia Escolar _2LEMB |
|
| 650 | 7 |
_aViolencia _2LEMB |
|
| 651 | _2LEMB | ||
| 700 | 1 | _aTisnes Adela ; A | |
| 700 | 1 | _aAdasko, Adam | |
| 700 | 1 | _a Kornblit Ana Lia ; | |
| 700 | 1 | _aNoel Gabriel. | |
| 700 | 1 | _a Previtali Malena | |
| 700 | 1 | _a Bianchi Marta | |
| 700 | 1 | _aPomes Ana Lia ; | |
| 700 | 1 | _a Velazquez Adriana ; | |
| 700 | 1 | _aLionetti Lucia ; | |
| 700 | 1 | _a Varela Paola. | |
| 700 | 1 | _a Gallo Paola. | |
| 945 |
_d2015-04-15 _acd |
||
| 999 |
_c3135 _d233639 |
||